Manual de procedimientos y software e control de Inventario de equipo técnico para mantenimiento preventivo y correctivo del Hardware que opera el Open SGC de la Empresa Eléctrica

Se fundamenta la elaboración y diseño de un Manual y software de control del Inventario técnico, los que servirán de guía para el mantenimiento preventivo-correctivo de los equipos electrónicos y de computación con que cuenta la empresa eléctrica. Análisis, investigación y organización t...

Full description

Bibliographic Details
Main Author: Vega Gazo, Jader Antonio
Other Authors: Tutor: Galo Montenegro, Francisco
Format: Tesis Section = Libro
Language:Undetermined
Spanish
Published: Managua UNI 2002
Subjects:
LEADER 01282nam a2200229Ia 4500
008 240830s9999 xx 000 0 und d
040 |a BIBLIOTECA-RUSB/ Mon 620.0046 V422 
041 |a spa 
082 |a Mon 620.0046 V422 
100 1 |a Vega Gazo, Jader Antonio 
245 1 0 |a Manual de procedimientos y software e control de Inventario de equipo técnico para mantenimiento preventivo y correctivo del Hardware que opera el Open SGC de la Empresa Eléctrica 
260 |a Managua  |b UNI  |c 2002 
300 |a 160 p. :il. 
500 |a Contiene: apéndices. 
502 |a Tesis (Ingeniero Electrónico) - UNI, 2002. 
520 3 |a Se fundamenta la elaboración y diseño de un Manual y software de control del Inventario técnico, los que servirán de guía para el mantenimiento preventivo-correctivo de los equipos electrónicos y de computación con que cuenta la empresa eléctrica. Análisis, investigación y organización tanto del área así como la información con que se cuenta de los equipos electrónicos y de computación de la empresa. 
650 7 |a MANTENIMIENTO PREVENTIVO-CORRECTIVO-EQUIPOS ELECTRONICOS 
650 7 |b  MANUAL DE PROCEDIMIENTO-EQUIPOS 
700 1 |a Tutor:  |b Galo Montenegro, Francisco 
942 |c BK  |2 ddc 
991 |a TESIS 
999 |c 20028